000 00557nam a2200157 i 4500
001 70492
003 ES-MaACL
007 t|
008 040727s1949 sp ||||1| spa d
100 1 _aGarcia Valdés, Rafael.
_9186627
245 1 0 _aDerecho Procesal
_b: respuestas a los 50 temas de Derecho Procesal para jueces comarcales, publicado el 14 de enero de 1949 /
_credactadas por Rafael García Valdés.
260 _aMadrid :
_bInstituto Editorial Reus,
_c1949.
300 _a439 p. ;
_c23 cm.
852 _aES-MaACL
_jB-1557
_bR.28530
999 _c70492
_d70492